Os meus contos com Winnie - O bairro de Winnie The Pooh (Registo nº 6082)

Detalhes MARC
000 -Etiqueta do registo
Valores 00734cam a2200241 4500
010 ## - Número ISBN
ISBN 9727504752
021 ## - Número do Depósito Legal
Número 131299/99
100 ## - Dados gerais de processamento
Dados gerais 20211231g19999999c||y0pory5003 ba
200 1# - Titulo e menção de responsabilidade
Título próprio Os meus contos com Winnie - O bairro de Winnie The Pooh
Primeira menção de responsabilidade Disney
Outras menções de responsabilidade trad. Teresa Augusto
210 #9 - Publicação
Local de publicação Rio de Mouro
Nome do editor Everest,
Data de publicação imp. 1999-
215 ## - Descrição física 
Paginação / Volumes v.
Outras indicações físicas muito il.
Dimensões 22x22 cm
606 ## - Nome comum usado como assunto
ID Autoridade 14
Palavra de ordem Literatura infantil
606 ## - Nome comum usado como assunto
ID Autoridade 13
Palavra de ordem Literatura Estrangeira
675 ## - CDU
Notação 82-93
Edição BN
Língua por
675 ## - CDU
Notação 821.1/.8
Edição BN
Língua por
702 ## - Autor secundário (pessoa individual)
Apelido Augusto
Nome Teresa
ID Autoridade 4430
702 ## - Autor secundário (pessoa individual)
Apelido Disney
Nome Walt
Datas 1901-1966
ID Autoridade 4625
710 ## - Autor principal (colectividade)
Nome da entidade Walt Disney Productions
ID Autoridade 5505
801 ## - Fonte de origem
País PT
Agência BMVN
Regras de catalogação RPC
830 ## - Notas gerais do catalogador
Criado por Ana Caetano
Data de criação 31/12/2021
990 ## - Elementos KOHA
Tipo de documento Livro
Exemplares
Situação do levantamento Biblioteca de origem Código de barras Cota Permissão de empréstimo Tipo de documento Forma de aquisição
  Biblioteca Municipal de Vendas Novas 100000023607 LI EST/MEU   Livro  

Powered by Koha